| 000 | 00369nam a2200157Ia 4500 | ||
|---|---|---|---|
| 008 | 230917s9999||||xx |||||||||||||| ||und|| | ||
| 020 | _cRs. 125.00 | ||
| 040 |
_e5001285 _aMAIN |
||
| 041 | _aEnglish | ||
| 082 | _a380.145910 G959B | ||
| 100 | _aGupta, Vedprakash | ||
| 245 | 0 | _aBharat bhraman | |
| 260 |
_aDelhi _bJeevan Jyoti _c1992 |
||
| 300 | _a256 p. | ||
| 942 | _cBK | ||
| 999 |
_c9081 _d9081 |
||